[Event "Liga Madrid 2009-2010 Division de Honor"]
[Site "Madrid ESP"]
[Date "2010.02.28"]
[Round "12.16"]
[White "Nunez Gutierrez, Juan Carlos"]
[Black "Vazquez Torres, Adrian"]
[Result "0-1"]
[WhiteElo "2101"]
[BlackElo "2144"]
[PlyCount "130"]
[EventDate "2009.11.22"]
[EventType "team"]
[EventRounds "14"]
[EventCountry "ESP"]
[Source "lmi"]
[SourceDate "2009.11.22"]

1. e4 c5 2. Nf3 e6 3. d3 Nc6 4. g3 g6 5. Be3 Bg7 6. c3 b6 7. Qd2 Bb7 8. Bg2 d5
9. exd5 Qxd5 10. O-O Ne5 11. Nh4 Qxg2+ 12. Nxg2 Nf3+ 13. Kh1 Nxd2 14. Nxd2
O-O-O 15. d4 cxd4 16. cxd4 Bxd4 17. Rac1+ Kb8 18. Bxd4 Rxd4 19. Nb3 Rd8 20. Kg1
Nf6 21. Ne3 Ne4 22. h4 g5 23. Rc2 gxh4 24. gxh4 a5 25. Nc4 a4 26. Nbd2 b5 27.
Re1 Rhg8+ 28. Kf1 f5 29. Nxe4 Bxe4 30. Rxe4 fxe4 31. Ne5 Kb7 32. Nf7 Rd5 33.
Ng5 Rgxg5 34. hxg5 Rxg5 35. Ke2 h5 36. Ke3 Kb6 37. Kxe4 Rc5 38. Rd2 Kc6 39. f4
Rd5 40. Rg2 Kd6 41. Ke3 Rc5 42. Ke4 Rc4+ 43. Ke3 b4 44. Rh2 h4 45. Rxh4 Rc2 46.
f5 Rxb2 47. f6 e5 48. Kd3 Ke6 49. a3 Rb3+ 50. Kc2 Rxa3 51. Rxb4 Kxf6 52. Rb6+
Kf5 53. Ra6 Kf4 54. Kb2 Rb3+ 55. Kc2 Rb4 56. Kd2 Ke4 57. Ra8 Rb2+ 58. Kc3 Ra2
59. Rh8 a3 60. Kb3 Ra1 61. Kc2 Rf1 62. Kb3 Rf3+ 63. Ka2 Re3 64. Rf8 Rd3 65. Re8
Kd4 0-1

[Event "Liga Madrid 2009-2010 Division de Honor"]
[Site "Madrid ESP"]
[Date "2010.02.28"]
[Round "12.21"]
[White "Garcia Luengo, Leandro"]
[Black "Gallego Jimenez, Victoriano"]
[Result "1/2-1/2"]
[WhiteElo "2308"]
[BlackElo "2421"]
[PlyCount "46"]
[EventDate "2009.11.22"]
[EventType "team"]
[EventRounds "14"]
[EventCountry "ESP"]
[Source "lmi"]
[SourceDate "2009.11.22"]

1. e4 c5 2. Nc3 Nc6 3. f4 g6 4. Nf3 Bg7 5. Bb5 Nd4 6. Nxd4 cxd4 7. Ne2 Qb6 8.
Bd3 d5 9. e5 f6 10. c3 fxe5 11. fxe5 Bxe5 12. Nxd4 Bd7 13. Nf3 Bc7 14. Qb3 Qe6+
15. Be2 O-O-O 16. Qd1 Nf6 17. d4 Ne4 18. O-O Rhf8 19. Qd3 Rf5 20. Be3 Rdf8 21.
Ne5 Rxf1+ 22. Rxf1 Rxf1+ 23. Bxf1 Be8 1/2-1/2

[Event "Liga Madrid 2009-2010 Division de Honor"]
[Site "Madrid ESP"]
[Date "2010.02.28"]
[Round "12.22"]
[White "Elguezabal Varela, Daniel"]
[Black "Garcia Pichon, Eduardo"]
[Result "1-0"]
[WhiteElo "2377"]
[BlackElo "2282"]
[PlyCount "40"]
[EventDate "2009.11.22"]
[EventType "team"]
[EventRounds "14"]
[EventCountry "ESP"]
[Source "lmi"]
[SourceDate "2009.11.22"]

1. Nf3 d5 2. d4 e6 3. c4 c5 4. cxd5 exd5 5. g3 Nc6 6. Bg2 Nf6 7. O-O Be7 8. Nc3
O-O 9. Bg5 cxd4 10. Nxd4 h6 11. Bf4 Bg4 12. h3 Be6 13. Nxe6 fxe6 14. e4 d4 15.
e5 dxc3 16. exf6 Qxd1 17. Rfxd1 Bxf6 18. bxc3 Rfd8 19. Rab1 Rxd1+ 20. Rxd1 Rd8
1-0

[Event "Liga Madrid 2009-2010 Division de Honor"]
[Site "Madrid ESP"]
[Date "2010.02.28"]
[Round "12.23"]
[White "Salcedo Tornero, Pablo"]
[Black "Rojo Huerta, Gabriel"]
[Result "0-1"]
[WhiteElo "2184"]
[BlackElo "2374"]
[PlyCount "72"]
[EventDate "2009.11.22"]
[EventType "team"]
[EventRounds "14"]
[EventCountry "ESP"]
[Source "lmi"]
[SourceDate "2009.11.22"]

1. e4 c5 2. Nc3 Nc6 3. g3 g6 4. Bg2 Bg7 5. d3 d6 6. f4 e6 7. Nf3 Nge7 8. O-O
O-O 9. g4 f5 10. gxf5 exf5 11. Be3 b6 12. Qe1 Bb7 13. Qh4 Qd7 14. Rae1 Rae8 15.
Ng5 h6 16. Nf3 Nd4 17. Bxd4 cxd4 18. Nb1 Qc7 19. Na3 Qc5 20. Nd2 b5 21. Nb3 Qb6
22. Qf2 Kh7 23. Qd2 fxe4 24. Bxe4 Bxe4 25. Rxe4 d5 26. Re2 Nf5 27. Rxe8 Rxe8
28. Qa5 Qe6 29. Qd2 Ne3 30. Rf2 Qg4+ 31. Kh1 Nd1 32. Rg2 Qf3 33. Kg1 Ne3 34.
Rf2 Qg4+ 35. Kh1 b4 36. Nb5 Nxc2 0-1

[Event "Liga Madrid 2009-2010 Division de Honor"]
[Site "Madrid ESP"]
[Date "2010.02.28"]
[Round "12.24"]
[White "Navarro Nicolas, Victor Manuel"]
[Black "Piña Sierra, Julia"]
[Result "1-0"]
[WhiteElo "2228"]
[BlackElo "2061"]
[PlyCount "109"]
[EventDate "2009.11.22"]
[EventType "team"]
[EventRounds "14"]
[EventCountry "ESP"]
[Source "lmi"]
[SourceDate "2009.11.22"]

1. Nf3 c5 2. c4 Nc6 3. Nc3 g6 4. g3 Bg7 5. Bg2 Nf6 6. d4 cxd4 7. Nxd4 O-O 8.
Nb3 d6 9. O-O Be6 10. Nd5 Rc8 11. f4 Qd7 12. e4 Bh3 13. Qe2 Bxg2 14. Kxg2 e6
15. Nc3 Qe7 16. Be3 b6 17. Rad1 Rfd8 18. Rd2 Rd7 19. Rfd1 Rcd8 20. Bf2 Ne8 21.
Nd4 Nxd4 22. Bxd4 e5 23. fxe5 dxe5 24. Be3 Nc7 25. Nd5 Nxd5 26. cxd5 Qb4 27.
Qd3 f5 28. exf5 Rxd5 29. Qxd5+ Rxd5 30. Rxd5 Qe4+ 31. Kf2 gxf5 32. Rd8+ Kf7 33.
R8d7+ Kg6 34. R1d6+ Bf6 35. Re6 Qh1 36. Rdd6 Qxh2+ 37. Kf1 Qh1+ 38. Ke2 Qg2+
39. Ke1 Qxg3+ 40. Bf2 Qg5 41. Rxf6+ Qxf6 42. Rxf6+ Kxf6 43. b4 f4 44. a4 e4 45.
Bxb6 Ke6 46. Bxa7 Kd5 47. Bb8 f3 48. Kf2 h5 49. Ke3 h4 50. a5 Kc6 51. a6 h3 52.
b5+ Kb6 53. Be5 Ka7 54. Kf2 Kb6 55. Bf4 1-0

[Event "Liga Madrid 2009-2010 Division de Honor"]
[Site "Madrid ESP"]
[Date "2010.02.28"]
[Round "12.25"]
[White "Garcia Diaz, Victor"]
[Black "Barez Menendez, Hector"]
[Result "1-0"]
[WhiteElo "2095"]
[BlackElo "2144"]
[PlyCount "49"]
[EventDate "2009.11.22"]
[EventType "team"]
[EventRounds "14"]
[EventCountry "ESP"]
[Source "lmi"]
[SourceDate "2009.11.22"]

1. e4 e5 2. Nf3 d6 3. d4 Nf6 4. dxe5 Nxe4 5. Bc4 c6 6. exd6 Nxd6 7. Bd3 Be7 8.
O-O O-O 9. Bf4 Na6 10. Re1 Nf5 11. Nbd2 Nb4 12. Bc4 b5 13. Bf1 Be6 14. a3 Nd5
15. Be5 Nb6 16. Bd3 Qd7 17. Qe2 Rfe8 18. Qe4 g6 19. Rad1 Nd6 20. Qe2 Bd5 21.
Qf1 Qg4 22. h3 Qh5 23. b3 Nd7 24. Bf4 Nb7 25. g4 1-0

[Event "Liga Madrid 2009-2010 Division de Honor"]
[Site "Madrid ESP"]
[Date "2010.02.28"]
[Round "12.26"]
[White "Gemy Vargas, Daniel"]
[Black "De La Rosa Bretin, Adrian"]
[Result "1-0"]
[WhiteElo "2169"]
[BlackElo "1795"]
[PlyCount "48"]
[EventDate "2009.11.22"]
[EventType "team"]
[EventRounds "14"]
[EventCountry "ESP"]
[Source "lmi"]
[SourceDate "2009.11.22"]

1. d4 d5 2. Nf3 e6 3. c4 c5 4. cxd5 exd5 5. Nc3 Nf6 6. Bg5 cxd4 7. Nxd4 Nc6 8.
e3 Bb4 9. Bb5 Bxc3+ 10. bxc3 Qa5 11. Bxf6 Qxc3+ 12. Kf1 gxf6 13. Nxc6 bxc6 14.
Rc1 Qa5 15. Bxc6+ Ke7 16. Bxa8 Ba6+ 17. Kg1 Rxa8 18. h3 Bc4 19. Qd4 Rg8 20. a3
Qc7 21. e4 Qe5 22. Qc5+ Ke6 23. Qe3 d4 24. Qf3 Bb5 1-0

[Event "Liga Madrid 2009-2010 Division de Honor"]
[Site "Madrid ESP"]
[Date "2010.02.28"]
[Round "12.31"]
[White "Roa Alonso, Santiago"]
[Black "Serrano Salvador, Eduardo"]
[Result "1/2-1/2"]
[WhiteElo "2412"]
[BlackElo "2319"]
[PlyCount "64"]
[EventDate "2009.11.22"]
[EventType "team"]
[EventRounds "14"]
[EventCountry "ESP"]
[Source "lmi"]
[SourceDate "2009.11.22"]

1. g3 e5 2. Bg2 Nf6 3. d3 d5 4. Nf3 Nc6 5. O-O Be7 6. c3 O-O 7. Qc2 a5 8. a4 h6
9. e4 dxe4 10. dxe4 Be6 11. Na3 Nh7 12. Qe2 Bxa3 13. Rxa3 Qc8 14. Nh4 Bh3 15.
Bxh3 Qxh3 16. Nf5 Nf6 17. f3 Rfd8 18. Be3 Rd7 19. Raa1 Ne7 20. Nxe7+ Rxe7 21.
Rad1 Qe6 22. Qb5 c6 23. Qc5 Rd7 24. Rxd7 Nxd7 25. Qa3 Qc4 26. Qd6 Qe2 27. Bxh6
Nb6 28. Bc1 Nxa4 29. Qc7 Nc5 30. Rf2 Qe1+ 31. Rf1 Qe2 32. Rf2 Qe1+ 1/2-1/2

[Event "Liga Madrid 2009-2010 Division de Honor"]
[Site "Madrid ESP"]
[Date "2010.02.28"]
[Round "12.32"]
[White "Hernandez Gallardo, Francisco Javier"]
[Black "Cao Armillas, Jesus"]
[Result "1-0"]
[WhiteElo "2360"]
[BlackElo "2205"]
[PlyCount "71"]
[EventDate "2009.11.22"]
[EventType "team"]
[EventRounds "14"]
[EventCountry "ESP"]
[Source "lmi"]
[SourceDate "2009.11.22"]

1. e4 c5 2. Nf3 d6 3. d4 cxd4 4. Nxd4 Nf6 5. Nc3 a6 6. Bg5 e6 7. f4 Be7 8. Qe2
h6 9. Bh4 Nc6 10. O-O-O Qc7 11. g4 Bd7 12. Bg2 O-O-O 13. Bg3 Nxd4 14. Rxd4 Bc6
15. Rhd1 e5 16. fxe5 dxe5 17. Nd5 Bb5 18. c4 Nxd5 19. exd5 Bd6 20. Re4 f6 21.
Kb1 Be8 22. Re3 Bc5 23. Red3 Rd6 24. Rc1 a5 25. Be4 Kb8 26. Bf2 Bf7 27. Be3 b6
28. Qf2 Rc8 29. Bf5 Re8 30. Rb3 Ka8 31. Rb5 Bxe3 32. Qxe3 Rb8 33. c5 bxc5 34.
Rcxc5 Qa7 35. Rxa5 Ra6 36. Qa3 1-0

[Event "Liga Madrid 2009-2010 Division de Honor"]
[Site "Madrid ESP"]
[Date "2010.02.28"]
[Round "12.33"]
[White "Cepeda Delgado, Camilo Jose"]
[Black "Solaesa Navalpotro, Luis Julio"]
[Result "1-0"]
[WhiteElo "2141"]
[BlackElo "2224"]
[PlyCount "71"]
[EventDate "2009.11.22"]
[EventType "team"]
[EventRounds "14"]
[EventCountry "ESP"]
[Source "lmi"]
[SourceDate "2009.11.22"]

1. d4 Nf6 2. c4 e6 3. Nc3 Nc6 4. Nf3 d6 5. Bg5 a6 6. e4 h6 7. Bh4 g5 8. Bg3 Nh5
9. d5 Nb8 10. Nd4 Nxg3 11. hxg3 Bg7 12. Be2 O-O 13. Qd2 exd5 14. cxd5 Qf6 15.
Nc2 Nd7 16. f4 Nc5 17. O-O Re8 18. Bd3 Bd7 19. Rae1 Nxd3 20. Qxd3 Bb5 21. Nxb5
axb5 22. e5 dxe5 23. fxe5 Qb6+ 24. Kh2 Rad8 25. Qb3 Bxe5 26. d6 Qxd6 27. Qxf7+
Kh8 28. Rxe5 Qxe5 29. Re1 Qxb2 30. Rxe8+ Rxe8 31. Qxe8+ Kg7 32. Qe7+ Kg6 33.
Qe6+ Kg7 34. Ne3 Qf6 35. Nf5+ Kg6 36. Ne7+ 1-0

[Event "Liga Madrid 2009-2010 Division de Honor"]
[Site "Madrid ESP"]
[Date "2010.02.28"]
[Round "12.34"]
[White "Fraga Castro, Jose Carlos"]
[Black "Lorite Cruz, Francisco"]
[Result "0-1"]
[WhiteElo "2220"]
[BlackElo "2073"]
[PlyCount "72"]
[EventDate "2009.11.22"]
[EventType "team"]
[EventRounds "14"]
[EventCountry "ESP"]
[Source "lmi"]
[SourceDate "2009.11.22"]

1. c4 e5 2. Nc3 Nf6 3. g3 d5 4. cxd5 Nxd5 5. Bg2 Nb6 6. Nf3 Nc6 7. O-O Bd6 8.
a4 a5 9. Nb5 Bg4 10. d4 Bxf3 11. Bxf3 O-O 12. Nxd6 Qxd6 13. dxe5 Qxe5 14. Bf4
Qe7 15. Qc2 Nd4 16. Qxc7 Nxf3+ 17. exf3 Qxc7 18. Bxc7 Nd5 19. Be5 f6 20. Bd4
Rfd8 21. Rfd1 Rac8 22. Rd2 Nb4 23. Rad1 Rc2 24. Kf1 Kf7 25. Ke2 Rxd4 26. Rxc2
Nxc2 27. Rc1 Nb4 28. Rc7+ Kg6 29. Rxb7 Rc4 30. Rb5 Rc2+ 31. Ke3 Rxb2 32. Rxa5
Nc6 33. Rb5 Ra2 34. Rb3 Rxa4 35. f4 Na5 36. Rc3 Ra3 0-1

[Event "Liga Madrid 2009-2010 Division de Honor"]
[Site "Madrid ESP"]
[Date "2010.02.28"]
[Round "12.35"]
[White "San Juan Rodriguez, Miguel"]
[Black "Ramirez Garcia, Jorge Alberto"]
[Result "1-0"]
[WhiteElo "2073"]
[BlackElo "2175"]
[PlyCount "47"]
[EventDate "2009.11.22"]
[EventType "team"]
[EventRounds "14"]
[EventCountry "ESP"]
[Source "lmi"]
[SourceDate "2009.11.22"]

1. e4 e6 2. d4 d5 3. Nc3 Nf6 4. Bg5 dxe4 5. Nxe4 Be7 6. Bxf6 gxf6 7. Nf3 b6 8.
Bb5+ c6 9. Bd3 Bb7 10. Qd2 Nd7 11. O-O-O f5 12. Ng3 c5 13. Kb1 Bxf3 14. gxf3
cxd4 15. Bxf5 Ne5 16. Qe2 Qc7 17. Rhe1 Ng6 18. Rxd4 exf5 19. Nxf5 Kf8 20. Qd2
Bf6 21. Qh6+ Kg8 22. Rd6 Bc3 23. bxc3 Qxc3 24. Re3 1-0

[Event "Liga Madrid 2009-2010 Division de Honor"]
[Site "Madrid ESP"]
[Date "2010.02.28"]
[Round "12.36"]
[White "Mansilla Tolosa, Luis"]
[Black "Tipter, Napoleon"]
[Result "1/2-1/2"]
[WhiteElo "2099"]
[BlackElo "2048"]
[PlyCount "95"]
[EventDate "2009.11.22"]
[EventType "team"]
[EventRounds "14"]
[EventCountry "ESP"]
[Source "lmi"]
[SourceDate "2009.11.22"]

1. d4 Nf6 2. c4 c5 3. d5 b5 4. cxb5 a6 5. e3 axb5 6. Bxb5 Qa5+ 7. Nc3 Na6 8.
Bd2 Nc7 9. a4 g6 10. Nge2 Bg7 11. O-O O-O 12. e4 d6 13. Bc6 Ra6 14. Nb5 Qb6 15.
Qc2 Bg4 16. Nec3 Bd7 17. Nxc7 Qxc7 18. Qd3 Rb6 19. Nb5 Qb8 20. Bxd7 Nxd7 21.
Bc3 Ne5 22. Qe2 Rc8 23. f4 Nd7 24. Bxg7 Kxg7 25. Rfe1 f6 26. Qg4 Qb7 27. Rac1
Ra6 28. b3 c4 29. Rxc4 Rxc4 30. bxc4 Rxa4 31. Qe2 Qb6+ 32. Kh1 Qc5 33. Qg4 Qf2
34. Rg1 Nc5 35. Qf3 Qxf3 36. gxf3 Rxc4 37. Kg2 Nd3 38. Kg3 g5 39. fxg5 fxg5 40.
h4 h6 41. hxg5 hxg5 42. Rd1 Nf4 43. Kg4 Kf6 44. Nd4 Rc3 45. Rd2 Re3 46. Ne6
Nxe6 47. dxe6 Re1 48. Rd5 1/2-1/2

[Event "Liga Madrid 2009-2010 Division de Honor"]
[Site "Madrid ESP"]
[Date "2010.02.28"]
[Round "12.41"]
[White "Valles Moreno, Ivan"]
[Black "Moreno Ruiz, Javier"]
[Result "0-1"]
[WhiteElo "2424"]
[BlackElo "2459"]
[PlyCount "98"]
[EventDate "2009.11.22"]
[EventType "team"]
[EventRounds "14"]
[EventCountry "ESP"]
[Source "lmi"]
[SourceDate "2009.11.22"]

1. d4 d5 2. c4 dxc4 3. Nf3 Nf6 4. e3 Bg4 5. Bxc4 e6 6. Nbd2 Nbd7 7. Qb3 Rb8 8.
a4 a5 9. O-O Bb4 10. Be2 O-O 11. Nc4 c5 12. Qd1 Qe7 13. Nfe5 Bxe2 14. Qxe2 Rfd8
15. Nd3 cxd4 16. Nxb4 axb4 17. exd4 Nf8 18. Rd1 Nd5 19. Ne3 Rbc8 20. g3 Qd6 21.
Bd2 Nxe3 22. Bxe3 Qd5 23. Qb5 Qxb5 24. axb5 Ng6 25. Ra7 Rd7 26. Rda1 f6 27.
R7a4 Ne7 28. Rxb4 Nd5 29. Rb3 Rc2 30. b6 Kf7 31. Ra5 Rc6 32. Rab5 Rdd6 33. h4
h5 34. Bf4 Nxf4 35. gxf4 Rxd4 36. Rxh5 Rxf4 37. Rh8 Rc1+ 38. Kg2 Rc2 39. h5
Rfxf2+ 40. Kg3 Rg2+ 41. Kf3 Rcf2+ 42. Ke3 Rg3+ 43. Kxf2 Rxb3 44. Rc8 Rxb2+ 45.
Kg3 Rxb6 46. Rc7+ Kg8 47. Re7 Kh7 48. Kg4 Rb4+ 49. Kg3 e5 0-1

[Event "Liga Madrid 2009-2010 Division de Honor"]
[Site "Madrid ESP"]
[Date "2010.02.28"]
[Round "12.42"]
[White "De La Fuente Gonzalez, Francisco"]
[Black "Sanchez Gonzalez, Sergio"]
[Result "1-0"]
[WhiteElo "2237"]
[BlackElo "2322"]
[PlyCount "103"]
[EventDate "2009.11.22"]
[EventType "team"]
[EventRounds "14"]
[EventCountry "ESP"]
[Source "lmi"]
[SourceDate "2009.11.22"]

1. c4 Nf6 2. Nc3 c5 3. g3 e6 4. Bg2 d5 5. cxd5 exd5 6. d3 Nc6 7. Bg5 Be6 8.
Bxf6 gxf6 9. Nf3 d4 10. Ne4 f5 11. Neg5 Bh6 12. h4 Qa5+ 13. Nd2 O-O-O 14. O-O
f4 15. Nxe6 fxe6 16. Ne4 Rhg8 17. Qc2 fxg3 18. fxg3 Rg7 19. Qc4 Rg6 20. Rf6
Rxf6 21. Nxf6 Kb8 22. Qxe6 Qc7 23. Ne4 Be3+ 24. Kh2 Qe5 25. Qxe5+ Nxe5 26. Rf1
Re8 27. Rf5 Re7 28. b3 Kc7 29. Kh3 Kb6 30. Nf6 Ka5 31. Nd5 Re8 32. Be4 h6 33.
Nxe3 dxe3 34. Rh5 Re6 35. Bd5 Re7 36. Rxh6 Nxd3 37. Re6 Nf2+ 38. Kg2 Rd7 39.
Bf3 Nd1 40. Re5 Rc7 41. h5 Kb4 42. h6 b5 43. Rg5 Rh7 44. Rh5 c4 45. bxc4 bxc4
46. Be4 Rh8 47. h7 Nf2 48. Bf5 Nd3 49. exd3 Kc3 50. dxc4 e2 51. Kf2 Kd2 52. Rh1
1-0

[Event "Liga Madrid 2009-2010 Division de Honor"]
[Site "Madrid ESP"]
[Date "2010.02.28"]
[Round "12.43"]
[White "Perez Gonzalez, Jose Manuel"]
[Black "Sanchez-Alarcos Galian, Victor"]
[Result "1/2-1/2"]
[WhiteElo "2332"]
[BlackElo "2149"]
[PlyCount "134"]
[EventDate "2009.11.22"]
[EventType "team"]
[EventRounds "14"]
[EventCountry "ESP"]
[Source "lmi"]
[SourceDate "2009.11.22"]

1. e4 c6 2. d4 d5 3. e5 Bf5 4. Nf3 e6 5. Be2 Nd7 6. O-O Ne7 7. b3 c5 8. Bb2 Nc6
9. Na3 cxd4 10. Nb5 Bg4 11. Nbxd4 Bxf3 12. Nxf3 Qc7 13. c4 dxc4 14. Bxc4 Be7
15. Qe2 O-O 16. Rac1 Rac8 17. Bd3 Rfd8 18. Qe4 g6 19. Bb5 Nc5 20. Qe3 Qb6 21.
Bxc6 Rxc6 22. Ba3 Bf8 23. Rc4 Nd7 24. Qxb6 axb6 25. Rxc6 bxc6 26. Bxf8 Kxf8 27.
Rd1 Ke7 28. Kf1 Ra8 29. Rd2 Ra5 30. Rc2 Rc5 31. Rxc5 Nxc5 32. Nd4 Kd7 33. Ke2
Ne4 34. a3 h6 35. f4 Nc3+ 36. Kd3 Nd5 37. g3 Nc7 38. Nc2 c5 39. Ne3 Kc6 40. Ng4
h5 41. Nh6 Kd5 42. Nxf7 Nb5 43. Nh8 g5 44. fxg5 Kxe5 45. a4 Nd6 46. Ng6+ Kf5
47. Nf4 h4 48. g6 Ne8 49. Ke3 hxg3 50. hxg3 Nf6 51. g7 e5 52. Ne2 Kg6 53. Nc3
Kxg7 54. Ne4 Nd5+ 55. Kd3 Kg6 56. Kc4 Nc7 57. g4 Kh6 58. a5 bxa5 59. Kxc5 Ne6+
60. Kd5 Nd4 61. Kxe5 Nxb3 62. Kf6 Nd4 63. g5+ Kh7 64. Nc5 Kg8 65. g6 Nf3 66. g7
Nh4 67. Na4 Nf5 1/2-1/2

[Event "Liga Madrid 2009-2010 Division de Honor"]
[Site "Madrid ESP"]
[Date "2010.02.28"]
[Round "12.44"]
[White "Arauz Alonso, Fernando"]
[Black "Vallejo Diaz, Javier"]
[Result "0-1"]
[WhiteElo "2140"]
[BlackElo "2310"]
[PlyCount "134"]
[EventDate "2009.11.22"]
[EventType "team"]
[EventRounds "14"]
[EventCountry "ESP"]
[Source "lmi"]
[SourceDate "2009.11.22"]

1. d4 d5 2. Nf3 Nf6 3. e3 Bf5 4. Bd3 Bg6 5. O-O e6 6. b3 Nbd7 7. Bb2 Be7 8. c4
O-O 9. Nc3 c6 10. Bxg6 hxg6 11. Qe2 a5 12. Rfe1 a4 13. Nxa4 dxc4 14. Qc2 b5 15.
Nc5 Nxc5 16. dxc5 cxb3 17. axb3 Rxa1 18. Rxa1 Qd5 19. h3 Rd8 20. b4 Ne4 21. Ra7
Bf6 22. Bxf6 gxf6 23. Nd4 e5 24. Nb3 Qc4 25. Ra2 Qxb4 26. f3 Nc3 27. Ra1 Na4
28. Kh2 Kg7 29. Rb1 Qc4 30. Rc1 Qxc2 31. Rxc2 Rd3 32. Na5 Rd5 33. Nxc6 Rxc5 34.
Nb4 f5 35. Kg3 Rxc2 36. Nxc2 Kf6 37. h4 Ke6 38. f4 f6 39. Kh3 Nc5 40. g4 Ne4
41. g5 exf4 42. exf4 fxg5 43. fxg5 Ke5 44. Nb4 Kf4 45. Nd5+ Ke5 46. Nb4 Kd4 47.
h5 Nxg5+ 48. Kh4 Nf3+ 49. Kg3 Ne5 50. h6 Nf7 51. h7 g5 52. Nc6+ Ke4 53. Nd8 Nh8
54. Ne6 g4 55. Nc5+ Ke3 56. Ne6 b4 57. Nc5 f4+ 58. Kg2 f3+ 59. Kf1 g3 60. Nb3
Kd3 61. Nc5+ Kc2 62. Ne6 b3 63. Nd4+ Kc3 64. Nb5+ Kb4 65. Nd4 b2 66. Nc2+ Kb3
67. Nd4+ Kc4 0-1

[Event "Liga Madrid 2009-2010 Division de Honor"]
[Site "Madrid ESP"]
[Date "2010.02.28"]
[Round "12.45"]
[White "Vallejo Diaz, Jesus"]
[Black "Ruiz Martin, Juan"]
[Result "1-0"]
[WhiteElo "2277"]
[BlackElo "2037"]
[PlyCount "65"]
[EventDate "2009.11.22"]
[EventType "team"]
[EventRounds "14"]
[EventCountry "ESP"]
[Source "lmi"]
[SourceDate "2009.11.22"]

1. e4 e6 2. d4 d5 3. Nd2 dxe4 4. Nxe4 Nf6 5. Nxf6+ Qxf6 6. Nf3 Bd6 7. Bg5 Qg6
8. Bd3 Qh5 9. Qe2 f6 10. Bd2 O-O 11. O-O-O c6 12. h3 b5 13. g4 Qf7 14. Kb1 Bd7
15. Rhg1 g6 16. h4 Na6 17. h5 g5 18. Bxg5 Nb4 19. Bd2 Nxd3 20. Qxd3 Kh8 21. g5
fxg5 22. Ne5 Bxe5 23. dxe5 h6 24. f4 g4 25. Bb4 c5 26. Bxc5 Rfe8 27. Bd4 Rg8
28. f5 Bc6 29. fxe6 Qxe6 30. Bc3 Bf3 31. Rd2 Rab8 32. Qe3 Rge8 33. Rd6 1-0

[Event "Liga Madrid 2009-2010 Division de Honor"]
[Site "Madrid ESP"]
[Date "2010.03.07"]
[Round "13.11"]
[White "Valles Moreno, Ivan"]
[Black "Almagro Llamas, Pablo"]
[Result "0-1"]
[WhiteElo "2424"]
[BlackElo "2453"]
[PlyCount "54"]
[EventDate "2009.11.22"]
[EventType "team"]
[EventRounds "14"]
[EventCountry "ESP"]
[Source "lmi"]
[SourceDate "2009.11.22"]

1. d4 d5 2. c4 c6 3. Nf3 Nf6 4. Nc3 dxc4 5. a4 Bf5 6. Ne5 Nbd7 7. Nxc4 Qc7 8.
Bg5 e5 9. e3 Bb4 10. Bd3 Be6 11. O-O exd4 12. exd4 O-O 13. Re1 Rfe8 14. Re3 h6
15. Bh4 Nd5 16. Nxd5 Bxd5 17. Qg4 Be6 18. Qe4 Nf8 19. Ne5 Be7 20. Bg3 Bd6 21.
Bf4 f6 22. Rg3 fxe5 23. Bxh6 Re7 24. Bg5 Rf7 25. Qh4 e4 26. Qxe4 Bxg3 27. hxg3
Bf5 0-1

[Event "Liga Madrid 2009-2010 Division de Honor"]
[Site "Madrid ESP"]
[Date "2010.03.07"]
[Round "13.12"]
[White "Rubio Mejia, Luis Ignacio"]
[Black "Perez Gonzalez, Jose Manuel"]
[Result "1/2-1/2"]
[WhiteElo "2350"]
[BlackElo "2332"]
[PlyCount "88"]
[EventDate "2009.11.22"]
[EventType "team"]
[EventRounds "14"]
[EventCountry "ESP"]
[Source "lmi"]
[SourceDate "2009.11.22"]

1. d4 Nf6 2. c4 c5 3. d5 b5 4. Nd2 bxc4 5. e4 c3 6. bxc3 g6 7. Ngf3 Bg7 8. Rb1
O-O 9. Bd3 d6 10. O-O Bg4 11. c4 Nbd7 12. Qc2 Bxf3 13. Nxf3 Qc7 14. Bd2 Rfb8
15. Qa4 Ng4 16. h3 Nge5 17. Nxe5 Bxe5 18. g3 Bd4 19. Kg2 Nf6 20. Bc2 Qc8 21.
Rb3 Rxb3 22. axb3 Nd7 23. Bg5 f6 24. Bd2 Kf7 25. Qa5 Qd8 26. Qxd8 Rxd8 27. Ba5
Nb6 28. Re1 Ke8 29. Bd1 Rb8 30. Re2 Kd7 31. Ra2 Kc7 32. Bg4 Kb7 33. Be6 Ka8 34.
h4 h6 35. Bf7 g5 36. hxg5 hxg5 37. Be6 Rb7 38. Bg4 Nd7 39. Bd8 Ne5 40. Bd1 g4
41. Ba5 Rb8 42. Bc7 Rb7 43. Ba5 Rb8 44. Bc7 Rb7 1/2-1/2

[Event "Liga Madrid 2009-2010 Division de Honor"]
[Site "Madrid ESP"]
[Date "2010.03.07"]
[Round "13.13"]
[White "Vallejo Diaz, Javier"]
[Black "Rabadan Velasco, Raul"]
[Result "1-0"]
[WhiteElo "2310"]
[BlackElo "2334"]
[PlyCount "73"]
[EventDate "2009.11.22"]
[EventType "team"]
[EventRounds "14"]
[EventCountry "ESP"]
[Source "lmi"]
[SourceDate "2009.11.22"]

1. e4 e5 2. Nf3 Nc6 3. Bb5 a6 4. Ba4 Nf6 5. d3 b5 6. Bb3 Bc5 7. O-O d6 8. c3
Bb7 9. Re1 O-O 10. Bg5 h6 11. Bh4 Qe7 12. Nbd2 Na5 13. Bc2 Bb6 14. Nf1 c5 15.
Ne3 Bd8 16. b4 cxb4 17. cxb4 Nc6 18. Nd5 Qd7 19. Bxf6 Bxf6 20. Nxf6+ gxf6 21.
Nh4 Kh7 22. Re3 Nd4 23. Qd2 Qg4 24. g3 Rg8 25. Nf5 Nxf5 26. exf5 Qd4 27. Qe1
Rg5 28. Rd1 Rag8 29. Re4 Bxe4 30. dxe4 Qb2 31. Bb3 Rc8 32. Bxf7 Rc2 33. Qe3 Rg7
34. Bg6+ Kg8 35. Qb6 Rgc7 36. Rxd6 Rxf2 37. Rd8+ 1-0

[Event "Liga Madrid 2009-2010 Division de Honor"]
[Site "Madrid ESP"]
[Date "2010.03.07"]
[Round "13.14"]
[White "Anton Guijarro, David"]
[Black "Vallejo Diaz, Jesus"]
[Result "1-0"]
[WhiteElo "2300"]
[BlackElo "2277"]
[PlyCount "81"]
[EventDate "2009.11.22"]
[EventType "team"]
[EventRounds "14"]
[EventCountry "ESP"]
[Source "lmi"]
[SourceDate "2009.11.22"]

1. d4 Nf6 2. c4 g6 3. Nc3 Bg7 4. e4 d6 5. Be2 Nbd7 6. Nf3 e5 7. O-O O-O 8. Qc2
c6 9. d5 c5 10. Bg5 h6 11. Bd2 Ne8 12. g3 Ndf6 13. Rab1 Bg4 14. b4 b6 15. bxc5
Bxf3 16. Bxf3 dxc5 17. a4 Nd6 18. Be2 Nd7 19. Nb5 Nxb5 20. Rxb5 f5 21. a5 Qe7
22. Kg2 Rf6 23. Ra1 Raf8 24. axb6 axb6 25. Ra7 R8f7 26. exf5 gxf5 27. Bh5 Rf8
28. Bc3 Rd6 29. Qe2 Rb8 30. Qb2 Qg5 31. Bd1 Re8 32. h4 Qd8 33. Ba4 f4 34. Rb3
fxg3 35. fxg3 Re7 36. Bc6 Nf8 37. Ra8 Qc7 38. Rxb6 Rg6 39. d6 Rxd6 40. Bd5+ Kh7
41. Rb7 1-0